00356nam a2200133Ia 4500008004100000041000800041082001200049100001800061245004500079260004800124300003300172365001100205440000600216240624s9999 xx 000 0 und d aeng a020 KUM aVASHISHTH C P aLIBRARY AND INFORMATION PROFESSION IN IN c2004aNew DelhibB R Publishing Corporation axxxix, : 437 : p. : cm. ; 25 cRSb20 v3